000 00429nam a2200181Ia 4500
008 100917s9999 xx 000 0 und d
082 _b46791
100 _aNigel Tranter
245 _aTinker Tress
260 _bDennis Dobson
_c1967
300 _a121
365 _b13.6
520 _aबालविभाग
630 _aTinker Tress
650 _aबालविभाग
730 _aTinker Tress
942 _cBOOK
999 _c652185
_d652182